Purchasing professional services. (Record no. 101413)
[ view plain ]
| 000 -LEADER | |
|---|---|
| fixed length control field | 00746cam a2200229 4500 |
| 008 - FIXED-LENGTH DATA ELEMENTS--GENERAL INFORMATION | |
| fixed length control field | 000000n2001 000 0 eng u |
| 020 ## - INTERNATIONAL STANDARD BOOK NUMBER | |
| International Standard Book Number | 0102909024 |
| 035 ## - SYSTEM CONTROL NUMBER | |
| System control number | (Sirsi) u112357 |
| 050 ## - LIBRARY OF CONGRESS CALL NUMBER | |
| Classification number | 352.1 |
| 110 ## - MAIN ENTRY--CORPORATE NAME | |
| Corporate name or jurisdiction name as entry element | United Kingdom |
| Subordinate unit | National Audit Office |
| 9 (RLIN) | 1350 |
| 245 ## - TITLE STATEMENT | |
| Title | Purchasing professional services. |
| 260 ## - PUBLICATION, DISTRIBUTION, ETC. | |
| Place of publication, distribution, etc. | London |
| Name of publisher, distributor, etc. | Stationery Office |
| Date of publication, distribution, etc. | 2001 |
| 350 ## - PRICE (NR) (BK AM CF MU VM SE) [OBSOLETE] | |
| Price | 9.00 |
| 490 ## - SERIES STATEMENT | |
| Series statement | HCP |
| Volume/sequential designation | 400 |
| 520 ## - SUMMARY, ETC. | |
| Summary, etc. | Report by the Comptroller and Auditor General HC 400 Session 2000-2001 : 25 April 2001 |
| 650 ## - SUBJECT ADDED ENTRY--TOPICAL TERM | |
| Topical term or geographic name entry element | Procurement-old |
| 650 ## - SUBJECT ADDED ENTRY--TOPICAL TERM | |
| Topical term or geographic name entry element | PROFESSIONAL SERVICES |
| 650 ## - SUBJECT ADDED ENTRY--TOPICAL TERM | |
| Topical term or geographic name entry element | GOVERNMENT |
| 690 ## - LOCAL SUBJECT ADDED ENTRY--TOPICAL TERM (OCLC, RLIN) | |
| Topical term or geographic name as entry element | BEST PRACTICE |
| 856 ## - ELECTRONIC LOCATION AND ACCESS | |
| Uniform Resource Identifier | <a href="https://www.nao.org.uk/reports/purchasing-professional-services/">https://www.nao.org.uk/reports/purchasing-professional-services/</a> |
| Public note | Archived online |
| 942 ## - ADDED ENTRY ELEMENTS (KOHA) | |
| Suppress in OPAC | 0 |
| Source of classification or shelving scheme | Dewey Decimal Classification |
| Withdrawn status | Lost status | Source of classification or shelving scheme | Damaged status | Not for loan | Home library | Current library | Shelving location | Date acquired | Cost, normal purchase price | Total Checkouts | Full call number | Date last seen | Date last checked out | Copy number | Uniform Resource Identifier | Cost, replacement price | Price effective from | Koha item type |
|---|---|---|---|---|---|---|---|---|---|---|---|---|---|---|---|---|---|---|
| Dewey Decimal Classification | Virtual | Virtual | Online | 15/05/2001 | 9.00 | 2 | F352.1 AUD | 10/05/2024 | 18/12/2002 | 1 | https://www.nao.org.uk/reports/purchasing-professional-services/ | 9.00 | 06/08/2019 | Book |